000 00816nam a2200241 a 4500
001 000018793
003 DO-SdBNP
005 20251029085957.0
008 100518s1972 ve r 001 0 spa d
040 _aDO-SdBNP
_bspa
_cBNPHU
082 _a987.02
_bO96b
100 1 _aOviedo y Baños, José de,
_d1671-1738
_940527
245 1 4 _aLos Belzares /
_cJosé de Oviedo y Baños.
246 1 3 _aEl tirano Aguirre
246 1 0 _aDiego de Losada
260 _aCaracas, (Venezuela) :
_bMonte Ávila Editores,
_c1972.
300 _aV, 387 p. ;
_c16 cm.
490 1 _aBiblioteca popular el dorado
_v30
600 1 0 _aLosada, Diego de,
_d1511-1569
_xCrítica e interpretación
_940529
600 1 0 _aAguirre, López de
_xCrítica e interpretación
_940530
651 7 _aVenezuela
_xHistoria
_y1810
_926230
942 _2ddc
_cLBS1
999 _c18313
_d18313